000 01391nam0a2200349 4500
001 RU\NLR\BIBL_A\011595260
005 20180122104941.0
010 _a978-5-17-106009-1
_93000
021 _aRU
_bКН-П-18-063287
_9КН-П-18-4556
035 _a(NLR Aleph) 011595260
035 _a(RuMoRGB)009488669
090 _a10858007
_c10858007
100 _a20180115d2018 u y0rusy50 ca
101 0 _arus
102 _aRU
105 _aa|||z|||000|y
200 1 _a38 попугаев
_eсказочные повести
_e[для дошкольного возраста]
_fГ. Остер
_gхудожник: Е. Запесочная
210 _aМосква
_cМалыш
_cАСТ
_d2018 [т.е. 2017]
215 _a221, [3] с.
_cил.
_d21
225 1 _aДошкольное чтение
225 1 _aСоответствует ФГОС ДО
300 _aКн. фактически изд. в 2017 г.
333 _a0+
517 1 _aТридцать восемь попугаев
686 _aШ9(2)6=Р70-2я44
_2rubbk
686 0 _aШ9(2)60=Р7-2
700 1 _aОстер
_bГ.Б.
_f1947 -
_gГригорий Бенционович
_3RU\NLR\AUTH\77563
702 1 _aЗапесочная
_bЕ. А.
_cхудожник
_gЕлена Алексеевна
_3RU\NLR\AUTH\7774422
_4040
942 _cBOOK
980 _aNB